000 00668nam a2200241Ia 4500
003 OSt
005 20221007110853.0
006 a|||||r|||| 00| 0
007 ta
008 221006b |||||||| |||| 00| 0 eng d
024 _a22,039
037 _cTextual
040 _aLCO
_cLCO
_beng
041 _2eng
_aeng
082 _aX72991:(Z)y7, L2
100 _aKagzi Mangal Chandra Jain
245 0 _aEstate Duty Law and Cases
260 _aDelhi
_bMetropolitan Book Co. Private Ltd. India
_c1972
300 _a438
650 _aESTATE DUTY
_9243145
942 _hX72991:(Z)y7, L2
_cTEXL
999 _c1191602
_d1191602